| 000 | 02073cam a22002294a 4500 | ||
|---|---|---|---|
| 005 | 20250605163943.0 | ||
| 008 | 250528s ||||||||||||||||||||||||d | ||
| 035 | _a15123 | ||
| 020 | _a70691703 | ||
| 040 |
_aGR-AtMCL _bgre _dGR-AtMCL _eAACR2 |
||
| 245 | 1 | _aManagement / A Global Perspective: Tenth Edition | |
| 250 | _a10th | ||
| 260 |
_bMcgraw Hill, Inc, _c1993 |
||
| 300 | _a748 | ||
| 505 | 0 | _aPreface, The Basis of Global Management Theory and Practice, Management: Science and Theory and Practice, Global and Comparative Management, The Basis of Global Management, Planning, The Nature and Purpose of Planning, Objectives, Strategies and Policies and Planning Premises, Global Planning, Organizing, The Nature of Organizing and Entrepreneuring, Effective Organizing and Organizational Culture, Global Organizing, Staffing, Human Resource Management and Selection, Performance Appraisal and Career Strategy, Global Staffing, Leading, Human Factors and Motivation, Leadership, Communication, Global Leading, Controlling, The System and Process of Controlling, Productivity and Operations Management, Global Controlling and Global Challenges, Glossary, Indexes. | |
| 520 | _aPreface, The Basis of Global Management Theory and Practice, Management: Science and Theory and Practice, Global and Comparative Management, The Basis of Global Management, Planning, The Nature and Purpose of Planning, Objectives, Strategies and Policies and Planning Premises, Global Planning, Organizing, The Nature of Organizing and Entrepreneuring, Effective Organizing and Organizational Culture, Global Organizing, Staffing, Human Resource Management and Selection, Performance Appraisal and Career Strategy, Global Staffing, Leading, Human Factors and Motivation, Leadership, Communication, Global Leading, Controlling, The System and Process of Controlling, Productivity and Operations Management, Global Controlling and Global Challenges, Glossary, Indexes. | ||
| 700 | 1 |
_aKoontz Harold _9974 |
|
| 700 | 1 |
_aWeihrich Heinz _9975 |
|
| 942 | _cBK | ||
| 999 |
_c720 _d720 |
||